The Dynamics of agricultural policy and reform in Zambia (Record no. 75663)

MARC details
000 -LEADER
fixed length control field 00940nam a2200181 a 4500
008 - FIXED-LENGTH DATA ELEMENTS--GENERAL INFORMATION
fixed length control field 120416s1990 ||||||||||||||||| || u
020 ## - INTERNATIONAL STANDARD BOOK NUMBER
International Standard Book Number 081380034x
050 ## - LIBRARY OF CONGRESS CALL NUMBER
Classification number HD 2131.5.Z8
100 ## - MAIN ENTRY--PERSONAL NAME
Personal name Wood, Adrian P
245 14 - TITLE STATEMENT
Title The Dynamics of agricultural policy and reform in Zambia
Statement of responsibility, etc. edited by Adrian P. Wood [and others]
260 ## - PUBLICATION, DISTRIBUTION, ETC.
Place of publication, distribution, etc. Ames, Iowa
Name of publisher, distributor, etc. Iowa State University
Date of publication, distribution, etc. 1990
300 ## - PHYSICAL DESCRIPTION
Extent xlv, 682p. : ill.
350 ## -
-- 0.00
650 ## - SUBJECT ADDED ENTRY--TOPICAL TERM
Topical term or geographic name entry element TEXTBOOKS
995 ## -
-- MAIN LIBRARY OPEN ACCESS
-- 0.00
-- 721818
-- CBU-MAIN LIBRARY (Kitwe)
-- 1
-- 10.00
-- HD 2131.5.Z8 Dyn
-- 1
-- AVAILABLE
-- Oct 5, 2007
-- 024120
-- Main Library Open Access Collection
995 ## -
-- SPECIAL COLLECTIONS
-- 0.00
-- 721284
-- CBU-MAIN LIBRARY (Kitwe)
-- 2
-- 10.00
-- ZAM HD 2131.5.Z8 Dyn
-- 2
-- AVAILABLE
-- Oct 5, 2007
-- 018711
-- Zambiana Collection
995 ## -
-- SPECIAL COLLECTIONS
-- 0.00
-- 721283
-- CBU-MAIN LIBRARY (Kitwe)
-- 3
-- 10.00
-- ZAM HD 2131.5.Z8 Dyn
-- 3
-- AVAILABLE
-- 018710
-- Zambiana Collection
999 ## -
-- 75663
-- 75663
Holdings
Withdrawn status Lost status Source of classification or shelving scheme Damaged status Not for loan Permanent Location Current Location Shelving location Date acquired Total Checkouts Full call number Barcode Date last seen Copy number Price effective from Koha item type
          CBU-MAIN LIBRARY, KITWE. CBU-MAIN LIBRARY, KITWE.   04/24/2023   HD 2131.5.Z8 024120 04/24/2023 1 04/24/2023 MONOGRAPH
          CBU-MAIN LIBRARY, KITWE. CBU-MAIN LIBRARY, KITWE.   04/24/2023   HD 2131.5.Z8 018711 04/24/2023 2 04/24/2023 SPECIAL COLLECTION
          CBU-MAIN LIBRARY, KITWE. CBU-MAIN LIBRARY, KITWE.   04/24/2023   HD 2131.5.Z8 018710 04/24/2023 3 04/24/2023 SPECIAL COLLECTION